Rosyjskie miasta - nagła śmierć - Statystyki

Ogólne statystyki
  • Ten quiz został rozwiązany 339 razy
  • Średni wynik to 9 z 12
Answers on the Grid
Answers color-coded by a green-red scale on the quiz's grid according to % correct below.
Moskwa
Berlin
Petersburg
Ryga
Grodno
Kazań
Mińsk
Władywostok
Astana
Nowosybirsk
Tbilisi
Niżny Nowogród
Witebsk
Biełgorod
Krasnodar
Brześć
Teheran
Helsinki
Wołgograd
Pilzno
Szymkent
Soczi
Buchara
Taszkent
Erywań
Jekaterynburg
Batumi
Jakuck
 
Statystyki odpowiedzi
Odpowiedź % Poprawnych
Moskwa
100%
Petersburg
91%
Nowosybirsk
85%
Władywostok
84%
Kazań
82%
Niżny Nowogród
82%
Wołgograd
72%
Krasnodar
71%
Jakuck
65%
Jekaterynburg
65%
Soczi
63%
Biełgorod
60%
Nie znaleziono quizów pasujących do podanych kryteriów
Rozkład punktacji
Procent ludzi z każdym wynikiem
Percentyl według liczby udzielonych odpowiedzi
Twoja historia wyników
Nie rozwiązałeś tego quizu